| 000 | 01013nam a22002532 4500 | ||
|---|---|---|---|
| 001 | 36133 | ||
| 003 | BD-RjUL | ||
| 005 | 20211209052435.0 | ||
| 008 | 140617s1933 enk 000 0 eng d | ||
| 035 |
_a(BD-RjUL)36230 _aOCLC ocm12852976 from D971120M |
||
| 040 |
_aDRB _cDRB _dBD-RjUL _beng |
||
| 041 | _aeng | ||
| 082 |
_bVAL 1933 _a368.32 |
||
| 245 | 0 | 0 |
_aValuation tables for friendly societies based upon sickness experience of the I.O.O.F. Manchester unity, during the five years 1893-97 : _bcombined with mortality rates .. / _ccompiled by Victor A. Burrows and Guy Woodrow. |
| 260 |
_aCambridge [Eng.] : _bPub. for the Institute of Actuaries at the University Press, _c1933. |
||
| 300 |
_a49, [1] p. ; _c23 cm. |
||
| 500 | _aAt head of title: The Institute of actuaries. | ||
| 650 | 0 |
_aLife insurance. _9109980 |
|
| 650 | 0 |
_aMortality. _9109981 |
|
| 700 | 1 |
_aBurrows, Victor A. _9109982 |
|
| 700 | 1 |
_aWoodrow, Guy. _9109983 |
|
| 710 | 2 |
_aInstitute of Actuaries (Great Britain) _9109984 |
|
| 942 |
_2ddc _cBK |
||
| 999 |
_c36133 _d36133 |
||